00930nam a2200253 a 450000100100000000500170001000800410002704000130006808200170008111000440009824500750014226000340021730000280025150400390027970000400031870000370035870000280039570000350042370000370045870000430049504900090053895201140054799900150066100000675320250423140401.0090902s1987 dr ac 001 0 spa d aDO-SdBNP axxxxbM489p.2 aAsociación Médica Dominicana91656513aEl médico y la patria /cedición Santiago Castro Ventura [et. al]. aSanto Domingo :bAMD.,c1987. a175 p. :bil. ;c22 cm. aIncluye bibligrafía (p. 175-176)1 aCastro Ventura, Santiagoeed.918371 aAbreuy Vargas, Davideed.9187921 aCaba, Seneneed.9187931 aMarmolejos, Carloseed.9100861 aHernández, Cristinaeed.996001 aMartínez Abreu, Santiagoeed.918794 aBNPD 0010718PDaPDbPDcCTd2009-09-02iLF1l0oxxxx M489p.p6753-10r2020-06-25w2020-06-25yLFPDZNo se presta c6541d6541